000 01126nam a22002897a 4500
003 DO-SdBNP
005 20180312142500.0
008 160511b 2005 dr 00| 0 spa d
020 _a8482618253 (Módulo9)
040 _aBPMSU
_bspa
_cBPMSU
082 4 _a374.83
_bP927e 2do. 2005
245 _aPrepara educación de adultos :
_b2do. bachillerato /
_cManuel García Cartagena ... [et al.] ; dirección editorial Obdulia García de Escobar
250 _a3a ed.
260 _aSanto Domingo :
_bSecretaría de Estado de Educación ;
_bSantillana ;
_c2002.
300 _a144 p. :
_bil. ;
_c28 cm.
490 1 _aSantillana adultos
650 4 _aEDUCACIÓN SECUNDARIA DE ADULTOS
_zREPÚBLICA DOMINICANA
650 4 _aEDUCACIÓN SECUNDARIA DE ADULTOS
_xESTUDIOS Y EJERCICIOS
650 4 _aEDUCACIÓN SECUNDARIA DE ADULTOS
_xLIBROS DE TEXTOS
700 1 _aGarcía Cartagena, Manuel
700 1 2 _aGarcía de Escobar, Obdulia,
_e ed.
830 0 _aSantillana adulto
910 _aValidado. Control de calidad MFF
942 _2ddc
_cBK
945 _aRemanejada para la BNPHU 2018 / BT
956 _aBTAVÁREZ
_b10
_c20160610
_dBPMSU
_f0038
999 _c10104
_d10104